Uplatnenie a prínosy manažmentu kategórií v maloobchode

Moderné metódy v marketingovom manažmente - manažment kategórií a jeho uplatnenie v maloobchode. Vymedzenie pojmu manažment kategórií a jeho špecifiká. Význam a prínosy manažmentu kategórií pre maloobchod.

Gespeichert in:
Bibliographische Detailangaben
1. Verfasser: Stašiniaková, Marta
Format: Buchkapitel
Sprache:Slowakisch
Schlagworte:
Tags: Tag hinzufügen
Keine Tags, Fügen Sie das erste Tag hinzu!

MARC

LEADER 00000nla$a2200000$$$4500
001 0146232
005 20240502072635.3
041 0 |a slo 
044 |a SK 
245 1 0 |a Uplatnenie a prínosy manažmentu kategórií v maloobchode  |c Marta Stašiniaková 
520 |a Moderné metódy v marketingovom manažmente - manažment kategórií a jeho uplatnenie v maloobchode. Vymedzenie pojmu manažment kategórií a jeho špecifiká. Význam a prínosy manažmentu kategórií pre maloobchod. 
610 2 0 |a marketing 
610 2 0 |a manažment produktový 
610 2 0 |a manažment sortimentný 
610 2 0 |a produkty 
610 2 0 |a stratégia obchodná 
610 2 0 |a technika obchodná 
610 2 0 |a maloobchod 
100 1 |a Stašiniaková, Marta